[Event "Niederbayern-ch Seniors 50th"]
[Site "Teisnach"]
[Date "2009.??.??"]
[Round "1"]
[White "Koenigl, Anton"]
[Black "Veitl, Rudolf"]
[Result "1/2-1/2"]
[WhiteElo "1821"]
[BlackElo "1215"]
[PlyCount "138"]
[EventDate "2009.??.??"]
[EventType "swiss"]
[EventRounds "7"]
[EventCountry "GER"]
[SourceTitle "EXT 2011"]
[Source "ChessBase"]
[SourceDate "2010.11.26"]
[SourceVersion "1"]
[SourceVersionDate "2010.11.26"]
[SourceQuality "1"]

1. e4 e5 2. Nf3 Nf6 3. Nc3 Nc6 4. Bb5 d6 5. h3 Bd7 6. a3 a6 7. Bc4 h6 8. 0-0 Be7 9. d3 0-0 10. Be3 Na5 11. Ba2 c5 12. Qd2 Nh7 13. Nd5 Nc6 14. c3 b5 15. Rad1 Kh8 16. Nxe7 Qxe7 17. Bd5 Rad8 18. d4 exd4 19. cxd4 c4 20. Rfe1 Nb8 21. Bf4 Bc6 22. Bxc6 Nxc6 23. Qc3 Ng5 24. Nxg5 hxg5 25. Be3 f6 26. f3 Kh7 27. Qc2 g6 28. Qf2 Rh8 29. Qg3 Kg7 30. Bd2 Nxd4 31. Ba5 Nc6 32. Bxd8 Rxd8 33. Qf2 Qa7 34. Qxa7+ Nxa7 35. Rd5 Kf7 36. Red1 Ke6 37. g3 Nc6 38. f4 gxf4 39. gxf4 Ne7 40. R5d2 Nc8 41. Kg2 Rg8 42. Kf3 Rh8 43. Rh1 Rh5 44. Rg2 Ne7 45. Re2 Nc6 46. Rd2 Ne7 47. Kg2 d5 48. Re1 Kd6 49. Kg3 Kc5 50. exd5 Nxd5 51. Re8 a5 52. Rc8+ Kb6 53. Rg8 g5 54. fxg5 Kc6 55. h4 fxg5 56. Rxg5 Rxg5+ 57. hxg5 b4 58. axb4 axb4 59. Kf3 Kc5 60. Ke4 Ne7 61. Ke5 Ng6+ 62. Kf6 Nh4 63. Kf7 c3 64. bxc3 bxc3 65. Rh2 Nf3 66. Rg2 Kc4 67. g6 Ne5+ 68. Ke6 Nxg6 69. Rxg6 Kd3 1/2-1/2

[Event "Niederbayern-ch Seniors 50th"]
[Site "Teisnach"]
[Date "2009.??.??"]
[Round "6"]
[White "Veitl, Rudolf"]
[Black "Zorn, Guenter"]
[Result "1-0"]
[WhiteElo "1215"]
[BlackElo "1269"]
[PlyCount "126"]
[EventDate "2009.??.??"]
[EventType "swiss"]
[EventRounds "7"]
[EventCountry "GER"]
[SourceTitle "EXT 2011"]
[Source "ChessBase"]
[SourceDate "2010.11.26"]
[SourceVersion "1"]
[SourceVersionDate "2010.11.26"]
[SourceQuality "1"]

1. Nc3 Nf6 2. e4 e5 3. Nf3 d6 4. h3 Nbd7 5. d4 b6 6. dxe5 dxe5 7. Bb5 Bd6 8. Bc6 Rb8 9. Nb5 Qe7 10. Nxa7 Bb7 11. Bxb7 Rxb7 12. Nc6 Qe6 13. a3 Bc5 14. Nb4 0-0 15. Qe2 Ra8 16. Bd2 Bxb4 17. Bxb4 Qc6 18. 0-0 Qxe4 19. Qxe4 Nxe4 20. Rae1 Nef6 21. Nxe5 Nxe5 22. Rxe5 c5 23. Bc3 Rbb8 24. Rfe1 Nd7 25. Re7 Nf8 26. Rd1 Rd8 27. Rde1 Ng6 28. Rb7 Rd6 29. g3 Rad8 30. Kf1 Rd1 31. Rxb6 Rxe1+ 32. Bxe1 Rc8 33. f4 h6 34. c4 Ne7 35. a4 Nf5 36. Bf2 Nd4 37. b3 Nc2 38. a5 Nb4 39. Rb5 Nd3 40. Ke2 Nxf2 41. Kxf2 Kf8 42. a6 Ra8 43. Rxc5 Rxa6 44. Kf3 Ke7 45. Ke4 Ra2 46. h4 Rb2 47. Rb5 Re2+ 48. Kf3 Rc2 49. h5 Kd6 50. g4 Rc3+ 51. Ke4 f6 52. Kf5 Rg3 53. b4 Rc3 54. c5+ Kc6 55. Rb6+ Kc7 56. Kg6 Rg3 57. Kxg7 Rxg4+ 58. Kxh6 Rxf4 59. Kg6 Rh4 60. Rxf6 Rxb4 61. h6 Rg4+ 62. Kf7 Kd7 63. h7 Rh4 1-0

[Event "Niederbayern-ch MK 48th"]
[Site "Ortenburg"]
[Date "2007.??.??"]
[Round "5"]
[White "Veitl, Rudolf"]
[Black "Huber, Stefan2222"]
[Result "1-0"]
[WhiteElo "1327"]
[BlackElo "852"]
[PlyCount "72"]
[EventDate "2007.??.??"]
[EventType "swiss"]
[EventRounds "9"]
[EventCountry "GER"]
[SourceTitle "EXT 2010"]
[Source "ChessBase"]
[SourceDate "2010.11.25"]
[SourceVersion "1"]
[SourceVersionDate "2010.11.25"]
[SourceQuality "1"]

1. d4 d5 2. e4 dxe4 3. Nc3 Nf6 4. f3 exf3 5. Nxf3 e6 6. Bd3 Bb4 7. Bg5 Nbd7 8. 0-0 0-0 9. Qe1 b6 10. Qh4 h6 11. Bxh6 gxh6 12. Qxh6 Re8 13. Ne4 Nxe4 14. Bxe4 Nf6 15. Bd3 Bf8 16. Qg5+ Bg7 17. c3 Nh7 18. Qg3 Nf6 19. Ne5 Kf8 20. Rf3 Re7 21. Raf1 Re8 22. Bh7 Qe7 23. Bc2 Bb7 24. R3f2 Ba6 25. Bd3 Bxd3 26. Qxd3 Red8 27. Nc6 Qd6 28. Nxd8 Rxd8 29. Rxf6 Bxf6 30. Rxf6 Qe7 31. Qf3 Rd5 32. g4 Kg7 33. Rf4 Kg6 34. h4 c6 35. b4 Qxh4 36. Rxf7 Rg5 1-0

[Event "Niederbayern-ch Seniors 46th"]
[Site "Vilshofen"]
[Date "2005.??.??"]
[Round "4"]
[White "Zacharias, Hans Albert"]
[Black "Veitl, Rudolf"]
[Result "1-0"]
[WhiteElo "1450"]
[BlackElo "1354"]
[PlyCount "142"]
[EventDate "2005.03.29"]
[EventType "swiss"]
[EventRounds "7"]
[EventCountry "GER"]
[SourceTitle "EXT 2007"]
[Source "ChessBase"]
[SourceDate "2006.11.23"]
[SourceVersion "1"]
[SourceVersionDate "2006.11.23"]
[SourceQuality "1"]

1. e4 e5 2. Nf3 Nc6 3. d4 exd4 4. Nxd4 Nxd4 5. Qxd4 c5 6. Qd3 d6 7. Be3 Be7 8. Be2 Nf6 9. f3 a6 10. Nc3 0-0 11. 0-0 Bd7 12. Rad1 b5 13. Bf4 Qb6 14. Kh1 c4 15. Qd2 b4 16. Nd5 Nxd5 17. exd5 Bf6 18. c3 bxc3 19. bxc3 Bb5 20. Rb1 Qa5 21. Bxd6 Bxc3 22. Qf4 Rfd8 23. Be5 Rxd5 24. Bxc3 Qxc3 25. Rfc1 Qe5 26. Qxe5 Rxe5 27. Bxc4 Bxc4 28. Rxc4 Rae8 29. h3 g6 30. Ra4 a5 31. Kh2 Rd8 32. Rb2 h5 33. g4 Kg7 34. Kg3 Rd3 35. Rb3 Rxb3 36. axb3 Rb5 37. gxh5 gxh5 38. f4 Rxb3+ 39. Kh4 Rb5 40. Kg3 Kg6 41. h4 Kf5 42. Kf3 Rb3+ 43. Kg2 Rb5 44. Kf3 Ke6 45. Re4+ Kd5 46. Re8 a4 47. Rd8+ Ke6 48. Re8+ Kd7 49. Ra8 Rb3+ 50. Ke4 a3 51. Kd4 Ke6 52. Kc4 Rf3 53. Ra6+ Kf5 54. Kb4 Kxf4 55. Rf6+ Kg4 56. Ra6 Kxh4 57. Kc5 f5 58. Kd5 Kh3 59. Ra4 h4 60. Ke5 Kg2 61. Rxh4 a2 62. Ra4 Rf2 63. Kd5 f4 64. Ke4 f3 65. Ra3 Kg3 66. Kd3 Re2 67. Kd4 Kg2 68. Ra8 Kg1 69. Kd3 Rg2 70. Ke3 f2 71. Rxa2 f1Q 1-0